00792nam a22002177a 4500003000400000005001700004008004100021010001300062020002300075035002400098037001800122040001500140082001300155100001900168245014200187260004500329270006000374300003100434650007000465650003900535dpl20180529170602.0180529b xxu||||| |||| 00| 0 eng d aB-225839 a9780195673111c545 aB-225839, B-225845 aCen Lib / Ret aDPLbENc0 a882bKAR aKarnad, Girish aCollected plays :btale danda the fire and the rain the dreams of tipu sultan two monologues : Flowers broken images /cby Girish Karnad  aNew DelhibOxford University Pressc2006 aYMCA Library Building Jai Singh RoadbNew Delhie110001 a(v 2. vi, 302p) b24Cm(Hb) aKarnad, Girish Raghunath, -- 1938- -- Translations into English.  aKarnad, Girish Raghunath, -- 1938-